[Event "Herning"]
[Site "Herning"]
[Date "1991.??.??"]
[Round "?"]
[White "Hellers, Ferdinand"]
[Black "Cebalo, Miso"]
[Result "1-0"]
[WhiteElo "2520"]
[BlackElo "2525"]

1.e4 c5 2.Nf3 e6 3.d4 cxd4 4.Nxd4 Nc6 5.Nc3 d6 6.Be3 Nf6 7.Bc4 Be7 8.Qe2 a6
9.O-O-O Qc7 10.Bb3 O-O 11.Rhg1 Nd7 12.g4 Nxd4 13.Bxd4 Nc5 14.g5 Re8 15.Rg3 Nxb3+
16.axb3 Qa5 17.Kb1 e5 18.b4 Qd8 19.Bxe5 Be6 20.f4 Bf8 21.Qf3 Qc7 22.Bd4 d5
23.f5 dxe4 24.Nxe4 Bd7 25.g6 fxg6 26.fxg6 Rac8 27.Bc3 Bc6 28.Nf6+  1-0

[Event "CUB-ch"]
[Site "Holguin"]
[Date "1991.??.??"]
[Round "11"]
[White "Perez, Rodney"]
[Black "Gomez, Adalberto"]
[Result "1/2-1/2"]
[WhiteElo "2265"]
[BlackElo "2240"]

1.e4 e6 2.Nf3 c5 3.Nc3 Nc6 4.d4 cxd4 5.Nxd4 d6 6.Be2 a6 7.O-O Nf6 8.Be3 e5
9.Nb3 Be6 10.f4 exf4 11.Rxf4 Ne5  1/2-1/2

[Event "HUN-chT"]
[Site "HUN"]
[Date "1991.??.??"]
[Round "?"]
[White "Horvath, Zoltan"]
[Black "Sziva, Erika"]
[Result "1/2-1/2"]
[WhiteElo "2340"]
[BlackElo "2245"]

1.e4 c5 2.Nf3 e6 3.d4 cxd4 4.Nxd4 Nc6 5.Nc3 Qc7 6.Be2 a6 7.O-O Nf6 8.Kh1 Nxd4
9.Qxd4 Bc5 10.Qd3 h5 11.f4 Ng4 12.Bxg4 hxg4 13.Qg3 b5 14.Qxg4 Bb7 15.a3 O-O-O
16.Bd2 Rh6 17.Qxg7  1/2-1/2

[Event "HUN-ch (Women)"]
[Site "HUN"]
[Date "1991.??.??"]
[Round "?"]
[White "Zimmersmann, Rita"]
[Black "Medvegy, Nora"]
[Result "1-0"]
[WhiteElo "2230"]
[BlackElo "2185"]

1.e4 c5 2.Nf3 e6 3.d4 cxd4 4.Nxd4 Nc6 5.Nc3 Qc7 6.g3 Nf6 7.Bg2 Be7 8.Ndb5 Qb8
9.Bf4 e5 10.Bg5 a6 11.Bxf6 gxf6 12.Na3 Bxa3 13.bxa3 Ne7 14.O-O d6 15.Qf3 f5
16.exf5 Bxf5 17.Rab1 Ra7 18.Nd5 Nxd5 19.Qxf5 Ne7 20.Qf6 Rg8 21.f4 Ng6 22.Rb6 Qc7
23.Rxd6 Qe7 24.f5 Nf8 25.Rfd1 Qxf6 26.Rxf6 Ke7 27.Rfd6 Rg4 28.f6+  1-0

[Event "HUN-ch (Women)"]
[Site "HUN"]
[Date "1991.??.??"]
[Round "?"]
[White "Medvegy, Nora"]
[Black "Csoke, Adrienn"]
[Result "1-0"]
[WhiteElo "2185"]
[BlackElo "2235"]

1.e4 c5 2.Nf3 e6 3.d4 cxd4 4.Nxd4 Nc6 5.Nc3 Qc7 6.Be2 a6 7.O-O Nf6 8.Be3 Bb4
9.f3 Bxc3 10.bxc3 Ne5 11.Qe1 b6 12.Rb1 b5 13.Kh1 Bb7 14.Bf4 d6 15.Qd2 O-O
16.Rfd1 Nh5 17.Be3 d5 18.f4 Nc4 19.Bxc4 dxc4 20.e5 g6 21.Qf2 Rfd8 22.Kg1 Ng7
23.Rd2 Qa5 24.Rbd1 Qxa2 25.Nf5 Rxd2 26.Nh6+ Kf8 27.Bc5+ Ke8 28.Qxd2 Bd5 29.Ng8 Nh5
30.f5 Qa5 31.g4 Qc7 32.Qe3 Kd7 33.Ne7 Nf4 34.Bd6 Qa7 35.Bc5 Qc7 36.Bb6 Qb7
37.Qc5 Rc8 38.Nxc8 Qxc8 39.Qd6+ Ke8 40.f6 Nh3+ 41.Kf1  1-0

[Event "HUN-ch (Women)"]
[Site "HUN"]
[Date "1991.??.??"]
[Round "?"]
[White "Madl, Ildiko"]
[Black "Csoke, Adrienn"]
[Result "1/2-1/2"]
[WhiteElo "2370"]
[BlackElo "2235"]

1.e4 c5 2.Nf3 Nc6 3.d4 cxd4 4.Nxd4 e6 5.Nc3 Qc7 6.f4 a6 7.Nxc6 Qxc6 8.Bd3 b5
9.Qe2 Bb7 10.Bd2 b4 11.Nd5 Nf6 12.Nxf6+ gxf6 13.c3 a5 14.cxb4 Bxb4 15.Bxb4 axb4
16.O-O Qb6+ 17.Qf2 Qxf2+ 18.Kxf2 Ke7 19.Rfc1 Bc6 20.Ke3 f5 21.exf5 Bxg2 22.fxe6 dxe6
23.Rc4 Rhb8 24.Bxh7 Bd5 25.Rc7+ Kf6 26.Be4 Rxa2 27.Rxa2 Bxa2 28.Ra7 Bb3 29.Rb7 Rxb7
30.Bxb7 e5 31.Bc8  1/2-1/2

[Event "Katowice op"]
[Site "Katowice"]
[Date "1991.??.??"]
[Round "1"]
[White "Jagodzinska, Joanna"]
[Black "Schmidt, Wlodzimierz"]
[Result "0-1"]
[WhiteElo "2165"]
[BlackElo "2460"]

1.e4 c5 2.Nf3 e6 3.d4 cxd4 4.Nxd4 Nc6 5.Nc3 Qc7 6.Be2 a6 7.O-O Nf6 8.Kh1 Be7
9.f4 d6 10.Nxc6 bxc6 11.Bd3 O-O 12.Na4 c5 13.c4 Bb7 14.Nc3 Rfd8 15.Qe2 Nd7
16.Bd2 Bf6 17.Rad1 Bd4 18.Bc1 Re8 19.Qc2 g6 20.b3 f5 21.Ne2 Bg7 22.Ng3 Nf6
23.Rde1 Rad8 24.exf5 exf5 25.Bb2 Ng4 26.Bc1 Bd4 27.h3 Qg7 28.Ne2 Qh6 29.Ng1 Rxe1
30.Rxe1 Qh4 31.Qe2 Qg3 32.hxg4 Qh4+ 33.Nh3 Qxh3+  0-1

[Event "Katowice op"]
[Site "Katowice"]
[Date "1991.??.??"]
[Round "3"]
[White "Tseshkovsky, Vitaly"]
[Black "Kruszynski, Wlodzimierz"]
[Result "1-0"]
[WhiteElo "2490"]
[BlackElo "2345"]

1.e4 c5 2.Nf3 e6 3.d4 cxd4 4.Nxd4 Nc6 5.Nc3 a6 6.Be3 Qc7 7.Qd2 Nf6 8.f3 Bb4
9.a3 Be7 10.O-O-O b5 11.g4 O-O 12.g5 Ne8 13.Nf5 exf5 14.Nd5 Qb8 15.exf5 Bd8
16.f6 g6 17.h4 h5 18.gxh6 Nxf6 19.h7+ Nxh7 20.h5 g5 21.Rg1 Kh8 22.f4 g4 23.Qc3+ f6
24.Bd3 Ne7 25.Bxh7 Nxd5 26.Rxd5 Kxh7 27.Qd3+ Kh8 28.Qg6 d6 29.f5 Qc7 30.Qh6+ Kg8
31.Rxg4+ Kf7 32.Bb6 Qd7 33.Qg6+ Ke7 34.Re4+  1-0

[Event "Katowice op"]
[Site "Katowice"]
[Date "1991.??.??"]
[Round "3"]
[White "Strzelecki, Krzysztof"]
[Black "Schmidt, Wlodzimierz"]
[Result "1/2-1/2"]
[WhiteElo "2350"]
[BlackElo "2460"]

1.e4 c5 2.Nf3 e6 3.Nc3 Nc6 4.d4 cxd4 5.Nxd4 Qc7 6.Be2 a6 7.O-O Nf6 8.Kh1 Be7
9.f4 d6 10.Be3 O-O 11.Qe1 Nxd4 12.Bxd4 b5 13.a3 Bb7 14.Qg3 Bc6 15.Rae1 Rac8
16.Bd3  1/2-1/2

[Event "Katowice op"]
[Site "Katowice"]
[Date "1991.??.??"]
[Round "6"]
[White "Kuczynski, Robert"]
[Black "Pogorelov, Ruslan"]
[Result "1-0"]
[WhiteElo "2465"]
[BlackElo "2375"]

1.e4 c5 2.Nf3 e6 3.d4 cxd4 4.Nxd4 Nc6 5.Nc3 d6 6.Bc4 Nf6 7.Be3 Be7 8.Qe2 a6
9.O-O-O Qc7 10.f4 Nxd4 11.Rxd4 O-O 12.Bb3 b5 13.g4 e5 14.Nd5 Nxd5 15.Rxd5 Bb7
16.f5 a5 17.Rxb5 Bxe4 18.Rd1 Rfc8 19.a4 Bc6 20.Rb6 Rab8 21.Rxb8 Qxb8 22.Qc4 d5
23.Rxd5 Bxd5 24.Qxd5 Qb4 25.Qxf7+ Kh8 26.Kb1 Qe1+ 27.Ka2 Qxe3 28.Qxe7 Qc5
29.Qe6 Rf8 30.g5 Qc8 31.Qxe5 Qxf5 32.Qe7 Rb8 33.h4 Qf8 34.Qe5 Re8 35.Qxa5 Qf4
36.Qb5 Rf8 37.Qc5 Rb8 38.Qa7 Rf8 39.Qe7 Rb8 40.h5 h6 41.gxh6 Qxh6 42.Qf7 Qf6
43.Qxf6 gxf6 44.Bd5 f5 45.c4 Kg7 46.a5 f4 47.Ka3 Rf8 48.Kb4 f3 49.Bxf3 Rxf3
50.a6 Rf8 51.Ka5 Kf6 52.a7 Ke5 53.Kb6 Rf6+ 54.Kb5 Rf8 55.c5 Kd5 56.Kb6 Re8
57.c6 Kd6 58.Kb7  1-0

[Event "Kecskemet Szechenyi-B"]
[Site "Kecskemet"]
[Date "1991.??.??"]
[Round "10"]
[White "Delanoy, Arnaud"]
[Black "Stoering, Volker"]
[Result "1/2-1/2"]
[WhiteElo "2210"]
[BlackElo "2220"]

1.e4 c5 2.Nc3 e6 3.Nf3 Nc6 4.d4 cxd4 5.Nxd4 Qc7 6.Be2 Nf6 7.Be3 a6 8.O-O d6
9.f4 Be7 10.Qe1 O-O 11.Qg3 Bd7 12.e5 Ne8 13.Rad1 Kh8 14.Kh1 f5 15.exf6 Nxf6
16.f5 e5 17.Ne6 Bxe6 18.fxe6 Qc8 19.Qh3 Nd8 20.Bd3 e4 21.Nxe4 Qxe6 22.Qxe6 Nxe6
23.Nxf6 Rxf6 24.Rxf6 Bxf6 25.Kg1 Nc5 26.Bf5 Be5 27.Bxc5  1/2-1/2

[Event "Kemerovo"]
[Site "Kemerovo"]
[Date "1991.??.??"]
[Round "?"]
[White "Bashkov, Viacheslav"]
[Black "Trofimov, Sergey"]
[Result "1/2-1/2"]
[WhiteElo "2410"]
[BlackElo "2360"]

1.e4 c5 2.Nf3 e6 3.d4 cxd4 4.Nxd4 Nc6 5.Nc3 a6 6.Be2 Qc7 7.O-O Nf6 8.Be3 Be7
9.f4 d6 10.Qe1 O-O 11.Qg3 Nxd4 12.Bxd4 b5 13.a3 Bb7 14.Rae1 Rac8 15.Kh1 Bc6
16.Bd3 e5 17.fxe5 Nh5 18.Qh3 dxe5 19.Nd5 Bxd5 20.Bxe5 Qxe5 21.exd5 Qg5 22.Bxh7+ Kh8
23.Bf5 Rc4 24.Rxe7 Rh4 25.Qe3 Ng3+ 26.Kg1 Qxe3+ 27.Rxe3 Nxf1 28.Kxf1 Rf4+
29.Rf3 Rxf3+ 30.gxf3 Rd8 31.Be4 f5 32.Bxf5 Rxd5 33.Bd3 Rd4 34.Kf2 g5  1/2-1/2

[Event "JUG-ch"]
[Site "Kladovo"]
[Date "1991.??.??"]
[Round "1"]
[White "Marinkovic, Slavisa"]
[Black "Paunovic, Dragan"]
[Result "0-1"]
[WhiteElo "2335"]
[BlackElo "2455"]

1.e4 c5 2.Nf3 Nc6 3.d4 cxd4 4.Nxd4 e6 5.Nc3 Qc7 6.g3 a6 7.Bg2 Nf6 8.O-O Be7
9.Re1 O-O 10.Nxc6 dxc6 11.e5 Rd8 12.Qf3 Nd5 13.h4 h6 14.Qg4 Kh8 15.Qh5 Nxc3
16.bxc3 Bf8 17.Bg5 Rd7 18.Red1 Kg8 19.Be4 Rxd1+ 20.Rxd1 g6 21.Bxg6 fxg6 22.Qxg6+ Qg7
23.Qxg7+ Bxg7 24.Bf4 b5 25.Rd8+ Kh7 26.h5 c5 27.g4 Bb7 28.Rd7 Bf3 29.g5 hxg5
30.Bxg5 Kh8  0-1

[Event "JUG-ch"]
[Site "Kladovo"]
[Date "1991.??.??"]
[Round "1"]
[White "Leventic, Ivan"]
[Black "Ivanovic, Bozidar"]
[Result "0-1"]
[WhiteElo "2370"]
[BlackElo "2535"]

1.e4 c5 2.Nf3 e6 3.d4 cxd4 4.Nxd4 Nc6 5.Nc3 Qc7 6.f4 a6 7.Nxc6 Qxc6 8.Be2 b5
9.Bf3 Bb7 10.Be3 Rc8 11.Qd3 Qc7 12.O-O-O d6 13.Kb1 Nf6 14.Rhe1 Be7 15.e5 Bxf3
16.exf6 Bxd1 17.fxe7 Bg4 18.Qd4 f6 19.h3 Bh5 20.g4 Bf7 21.g5 e5 22.Qe4 Qxe7
23.gxf6 gxf6 24.fxe5 dxe5 25.Qh4 Rxc3 26.bxc3 Qa3 27.Bc5 Qxc5 28.Qxf6 O-O
29.Kb2 b4 30.Rxe5 bxc3+  0-1

[Event "JUG-ch"]
[Site "Kladovo"]
[Date "1991.??.??"]
[Round "3"]
[White "Velimirovic, Dragoljub"]
[Black "Vratonjic, Slobodan"]
[Result "1-0"]
[WhiteElo "2520"]
[BlackElo "2375"]

1.e4 c5 2.Nf3 e6 3.d4 cxd4 4.Nxd4 Nc6 5.Nc3 d6 6.Be3 Nf6 7.Bc4 Be7 8.Qe2 a6
9.O-O-O Qc7 10.Bb3 Na5 11.g4 b5 12.g5 Nxb3+ 13.axb3 Nd7 14.Qh5 Nc5 15.b4 Na4
16.Rd3 Bd7 17.Rhd1 Nxc3 18.Rxc3 Qb7 19.e5 dxe5 20.Nf3 g6 21.Qg4 a5 22.Ra3 axb4
23.Rxa8+ Qxa8 24.Nxe5 Bc6 25.Qd4 O-O 26.Nxc6 Qxc6 27.Qd7 Rc8 28.Qxc6 Rxc6
29.Rd7 Bf8 30.Rb7 b3 31.Rxb5 bxc2 32.Rb8 e5 33.Bd2 Kg7 34.Bc3 f6 35.gxf6+ Kf7
36.Bxe5 Bh6+ 37.f4 g5 38.Rh8 gxf4 39.Rxh7+ Kg6 40.Rxh6+ Kxh6 41.f7 Rc8 42.Bd6  1-0

[Event "JUG-ch"]
[Site "Kladovo"]
[Date "1991.??.??"]
[Round "3"]
[White "Vebic, Kasem"]
[Black "Sofrevski, Jovan"]
[Result "0-1"]
[WhiteElo "2245"]
[BlackElo "2415"]

1.e4 c5 2.Nf3 Nc6 3.d4 cxd4 4.Nxd4 e6 5.Nc3 a6 6.Be2 d6 7.O-O Nf6 8.Kh1 Be7
9.f4 Bd7 10.Bf3 O-O 11.Nde2 b5 12.a3 Rc8 13.Qe1 b4 14.axb4 Nxb4 15.Qg3 Nxc2
16.Rxa6 Nb4 17.Ra1 Nc2 18.Rb1 Nb4 19.Be3 Kh8 20.Rbd1 Qa5 21.Qh3 e5 22.f5 Bc6
23.g4 d5 24.g5 d4 25.gxf6 Bxf6 26.Bd2 dxc3 27.bxc3 Nd3 28.Ng3 Qc5 29.Nh5 Qe7
30.Qg3 Rg8 31.Nxf6 gxf6 32.Qh4 Nb2 33.Rb1 Nc4 34.Bh6 Nd6 35.Rbe1 Bb7 36.Re3 Rc4
37.Qe1 Qd8 38.Re2 Rc8 39.Bg2 Ba6 40.Re3 Bxf1 41.Qxf1 Qa5 42.Qe1 Rb8 43.h3 Qa2
44.Re2 Rb1 45.Rxa2 Rxe1+ 46.Kh2 Nxe4 47.c4 Nd6 48.Bf3 Nxf5 49.Bd2 Nd4 50.Bh5 Rf1
51.Bh6 Nf3+ 52.Bxf3 Rxf3 53.Ra7 Rf2+ 54.Kh1 Rd8 55.Ra1 Rc2 56.Rg1 Rg8 57.Ra1 Rxc4
58.Kh2 Rh4 59.Be3 f5 60.Bc5 Rh6 61.Ra7 Kg7 62.Rc7 Re6 63.Kg3 Kf6+ 64.Kf3 Rb8
65.Bf2 Rb3+ 66.Kg2 Ra6 67.Bh4+ Kg6 68.Rc2 f4  0-1

[Event "JUG-ch"]
[Site "Kladovo"]
[Date "1991.??.??"]
[Round "4"]
[White "Cetkovic, M."]
[Black "Bakic, Rados"]
[Result "1-0"]
[WhiteElo "2250"]
[BlackElo "2355"]

1.e4 c5 2.Nf3 Nc6 3.d4 cxd4 4.Nxd4 e6 5.Nc3 Qc7 6.g3 a6 7.Bg2 h5 8.O-O h4
9.Re1 hxg3 10.hxg3 Nf6 11.Nxc6 dxc6 12.e5 Nd5 13.Ne4 b5 14.Bg5 Bb7 15.Qd2 Rc8
16.Rad1 Qb8 17.c3 c5 18.b3 c4 19.b4 Bc6 20.Qd4 Qb6 21.Qd2 Qb8 22.a3 Qb7 23.Qd4 Qa8
24.Bf3 Qb7 25.Kg2 Qa8 26.g4 Qb7 27.Kg3 Qb8 28.Kg2 Qa8 29.Kg1 Qb7 30.Bg2 Qa8
31.f4 Qb7 32.Re2 Ra8 33.f5 Qa7 34.Qxa7 Rxa7 35.Nd6+ Bxd6 36.exd6 O-O 37.fxe6 fxe6
38.Rxe6 Nxc3 39.Bxc6 Nxd1 40.d7 c3 41.Re8 Rxd7 42.Rxf8+ Kxf8 43.Bxd7 Nb2  1-0

[Event "JUG-ch"]
[Site "Kladovo"]
[Date "1991.??.??"]
[Round "7"]
[White "Leventic, Ivan"]
[Black "Antic, Dejan"]
[Result "1/2-1/2"]
[WhiteElo "2370"]
[BlackElo "2390"]

1.e4 c5 2.Nf3 e6 3.d4 cxd4 4.Nxd4 Nc6 5.Nc3 Qc7 6.f4 a6 7.Nxc6 bxc6 8.Bd3 d5
9.O-O Nf6 10.Qe2 Be7 11.Bd2 g6 12.Na4 dxe4 13.Bxe4 O-O 14.Bc3 Bb7 15.Be5 Qa5
16.b3 Nxe4 17.Qxe4 Qb5 18.Bb2 Qd5 19.Qe2 Rad8 20.Rad1 Qf5 21.Qe5 Qxe5 22.fxe5 c5
23.Ba3 Be4 24.Bxc5 Bxc5+ 25.Nxc5 Bxc2 26.Rd6 Rc8 27.Nxa6 Be4 28.Re1 Bb7 29.Nb4 Rc5
30.Kf2 Rb5 31.Nd3 Ra8 32.Re2 Ra3 33.Rd4 Ba6 34.Rc2 Rba5 35.Nb4 Rxe5 36.Rd8+ Kg7
37.Ra8 Rea5 38.Rxa6 Rxa6 39.Nxa6 Rxa6 40.b4 Kf6 41.b5 Ra8 42.b6 Rb8 43.Rb2 Ke5
44.a4 Kd5 45.a5 Kc6 46.Rc2+ Kb5 47.Rc7 Kxa5 48.Rxf7 Kxb6 49.Rxh7 Kc5 50.Rg7 Rf8+
51.Ke3 Rf6 52.g4 e5 53.g5 Re6 54.Ke4 Kc6 55.Ra7 Kd6 56.h4 Kc6 57.Rh7 Kd6
58.Rb7 Kc6 59.Rg7 Kd6 60.Ra7 Kc6 61.Rh7 Kd6 62.h5 gxh5 63.Rxh5 Ke7 64.Kf5 Ra6
65.Rh6 Rxh6  1/2-1/2

[Event "JUG-ch"]
[Site "Kladovo"]
[Date "1991.??.??"]
[Round "8"]
[White "Stanojoski, Zvonko"]
[Black "Tesic, Dragan"]
[Result "1-0"]
[WhiteElo "2370"]
[BlackElo "2265"]

1.e4 c5 2.Nf3 e6 3.d4 cxd4 4.Nxd4 Nc6 5.Nc3 a6 6.Be2 Qc7 7.O-O Nf6 8.Nxc6 dxc6
9.f4 e5 10.fxe5 Qxe5 11.Bf4 Bc5+ 12.Kh1 Qd4 13.e5 Qxd1 14.Raxd1 Nd7 15.Bc4 Be7
16.Ne4 Nf8 17.Bh6 Be6 18.Bxg7 Bxc4 19.Bxh8 Bxf1 20.Rxf1 Ng6 21.Bf6 Bxf6 22.exf6 Rd8
23.h3 b6 24.Rf2 h6 25.g3 Rd4 26.Re2 Kd7 27.Kg2 Ke6 28.c3 Rd5 29.Nc5+ Kxf6
30.Nxa6 Ne5 31.Nb4 Rd1 32.Nc2 h5 33.Nd4 Ra1 34.b3 c5 35.Nb5 Nd3 36.Kf3 Nc1
37.Re1 Nxb3 38.Rxa1 Nxa1 39.Na3 Ke6 40.Ke4 f6 41.Kf4 Kf7 42.Kf5 Kg7 43.c4 Kf7
44.g4 hxg4 45.hxg4 Ke7 46.g5 fxg5 47.Kxg5 b5 48.cxb5 Ke6 49.Kf4 Kd5 50.Ke3 c4
51.Kd2 Kc5 52.Kc3  1-0

[Event "JUG-ch"]
[Site "Kladovo"]
[Date "1991.??.??"]
[Round "9"]
[White "Nikac, Predrag"]
[Black "Pikula, Dejan"]
[Result "1/2-1/2"]
[WhiteElo "2265"]
[BlackElo "2290"]

1.e4 c5 2.Nf3 e6 3.d4 cxd4 4.Nxd4 Nc6 5.Nc3 d6 6.Be2 Nf6 7.O-O Be7 8.Be3 O-O
9.f4 Qc7 10.Bf3 a6 11.Nxc6 bxc6 12.Na4 Bb7 13.c4 c5 14.Nc3 Nd7 15.Qc2 Nb8
16.Qf2 Nc6 17.Rad1 Rac8 18.b3 Rfe8 19.g4 Qa5 20.Na4 e5 21.g5 Bf8 22.f5 Nd4
23.g6 hxg6 24.fxg6 fxg6 25.Bg4 Bxe4 26.Bxd4 cxd4 27.Be6+ Rxe6 28.Qf7+ Kh8
29.Qxe6 Qd8 30.Qh3+  1/2-1/2

[Event "JUG-ch"]
[Site "Kladovo"]
[Date "1991.??.??"]
[Round "10"]
[White "Burovic, Ismet"]
[Black "Sofrevski, Jovan"]
[Result "1-0"]
[WhiteElo "2375"]
[BlackElo "2415"]

1.e4 c5 2.Nf3 Nc6 3.d4 cxd4 4.Nxd4 e6 5.Nc3 a6 6.Be2 d6 7.O-O Nf6 8.Be3 Be7
9.f4 O-O 10.Kh1 Bd7 11.a4 Rc8 12.Bf3 Nxd4 13.Bxd4 Bc6 14.a5 Nd7 15.Qd2 e5
16.Be3 exf4 17.Bxf4 Ne5 18.Be2 Qc7 19.Be3 Rfe8 20.Bb6 Qd7 21.b3 Bf8 22.Nd5 Bxd5
23.exd5 g6 24.c4 Qe7 25.Bf2 f5 26.Rfe1 Qf6 27.Rad1 Bg7 28.Qb4 Re7 29.c5 dxc5
30.Bxc5 Rd7 31.d6 Kh8 32.Bc4 Qh4 33.Bg1 Rcd8 34.Qc5 Nxc4 35.bxc4 Qf6 36.Bd4 Qf8
37.Re7 Rxd6 38.Bxg7+ Qxg7 39.Qxd6  1-0

[Event "JUG-ch"]
[Site "Kladovo"]
[Date "1991.??.??"]
[Round "11"]
[White "Stefanovski, Dusko"]
[Black "Antic, Dejan"]
[Result "0-1"]
[WhiteElo "2300"]
[BlackElo "2390"]

1.e4 c5 2.Nf3 e6 3.d4 cxd4 4.Nxd4 Nc6 5.Nc3 Qc7 6.Be2 a6 7.O-O Nf6 8.Be3 Be7
9.Kh1 O-O 10.f4 d6 11.Qe1 Bd7 12.Qg3 Kh8 13.Rad1 Rae8 14.a3 Bc8 15.Rfe1 Nd7
16.Qf2 Na5 17.Nb3 Nc4 18.Bxc4 Qxc4 19.Bd4 e5 20.Be3 f5 21.exf5 Rxf5 22.Nd5 Bd8
23.Qd2 Ref8 24.fxe5 Nxe5 25.Bg1 Qh4 26.Ne3 R5f6 27.Qd4 Qh5 28.Rf1 Bd7 29.Qxd6 Rg8
30.Rxf6 gxf6 31.Rf1 Bc6 32.Qd2 Nc4 33.Nxc4 Bxg2+ 34.Qxg2 Rxg2 35.Kxg2 Qg4+
36.Kf2 Qxc4 37.Re1 Qxc2+ 38.Re2 Bb6+ 39.Kf1 Qd1+  0-1

[Event "JUG-ch"]
[Site "Kladovo"]
[Date "1991.??.??"]
[Round "12"]
[White "Nicevski, Risto"]
[Black "Kocovski, Ivan"]
[Result "1/2-1/2"]
[WhiteElo "2345"]
[BlackElo "2325"]

1.e4 c5 2.Nf3 Nc6 3.d4 cxd4 4.Nxd4 e6 5.Nc3 a6 6.Nxc6 bxc6 7.Bd3 d6 8.O-O Nf6
9.Qe1 Qc7 10.f4 d5 11.Kh1 Be7 12.Bd2 O-O 13.e5 Nd7 14.Na4 c5 15.c4 Bb7 16.b3 Rae8
17.cxd5 exd5 18.Qe2 Qc6 19.Nc3 Bd8 20.Rf3 g6 21.Rh3 Bf6 22.Qg4 Bg7 23.Rc1 Bc8
24.Qh4 h5 25.Rg3 Nxe5 26.fxe5 Rxe5 27.Qa4 Qe6 28.Rf3 d4 29.Nb1 Bb7 30.Rf2 h4
31.Bf1 h3 32.Na3 Rh5 33.Nc4 Qe7 34.Kg1 d3 35.Re1 Qd8 36.Be3 Bd4 37.Nd2 hxg2
38.Bxg2 Rg5 39.Bxd4 cxd4 40.Nf3 d2 41.Rd1 Qd5 42.Nxg5 Qxg5 43.Qd7 Bxg2 44.Rxg2 Qe3+
45.Rf2 Qe1+ 46.Rf1 Qe3+ 47.Kg2 Qe2+  1/2-1/2

[Event "JUG-ch"]
[Site "Kladovo"]
[Date "1991.??.??"]
[Round "13"]
[White "Grosar, Aljosa"]
[Black "Barlov, Dragan"]
[Result "1-0"]
[WhiteElo "2370"]
[BlackElo "2505"]

1.e4 c5 2.Nf3 e6 3.d4 cxd4 4.Nxd4 Nc6 5.Nc3 Qc7 6.Be3 a6 7.Qd2 Nf6 8.f3 d6
9.g4 Be7 10.O-O-O O-O 11.g5 Nd7 12.Kb1 b5 13.Bd3 Nde5 14.Qg2 Bb7 15.h4 Rfc8
16.g6 Bf6 17.gxh7+ Kh8 18.Nce2 Nxd3 19.cxd3 Nxd4 20.Nxd4 d5 21.Nb3 a5 22.Bg5 Bxg5
23.Qxg5 f6 24.Qg6 Bc6 25.Rc1 Qe7 26.Nd4 Be8 27.Qg4 Bd7 28.h5 dxe4 29.dxe4 f5
30.Qg6 fxe4 31.fxe4 Qf6 32.Rcd1 Rf8 33.Rhg1 e5 34.Nf3 Be8 35.Qg5 Qxg5 36.Nxg5 Bxh5
37.Rd5 b4 38.b3 Bg6 39.Rxe5 Rfe8 40.Rxe8+ Rxe8 41.Rg4 Rc8 42.Kb2 Rc5 43.Ne6 Bh5
44.Rxg7 Rc3 45.Ra7 Rg3 46.Rxa5  1-0

[Event "Kobanya op"]
[Site "Kobanya"]
[Date "1991.??.??"]
[Round "3"]
[White "Landa, Konstantin"]
[Black "Kozlov, Vladimir N"]
[Result "1/2-1/2"]
[WhiteElo "2460"]
[BlackElo "2360"]

1.e4 c5 2.Nc3 Nc6 3.Nf3 e6 4.d4 cxd4 5.Nxd4 Nf6 6.Nxc6 bxc6 7.e5 Nd5 8.Ne4 Qc7
9.f4 Qa5+ 10.c3 Be7 11.Bd3 f5 12.exf6 Nxf6 13.O-O Ba6 14.Nxf6+ Bxf6 15.Bxa6 Qxa6
16.Be3 Qb7 17.f5 exf5 18.Bc5 O-O-O 19.Bd6 Rhe8 20.Rxf5 Re6 21.Bg3 Rde8 22.Rf2 Qb6
23.h3 Re3 24.Qg4 R8e6 25.Kh1 h5 26.Qg6 h4 27.Bh2 Re1+ 28.Rf1 Qf2 29.Raxe1 Rxe1
30.Rxe1 Qxe1+ 31.Bg1 Bd8 32.g3 hxg3 33.Kg2 Bc7 34.Qd3 Kb7 35.Qe3 Qxe3 36.Bxe3 d5
37.h4 g6 38.Bd2 c5 39.Kf3 Kc6 40.Be1 Kb5 41.Bxg3 Bxg3 42.Kxg3 Kc4 43.Kf4 d4
44.cxd4 cxd4 45.Ke4 a5 46.a4 Kc5 47.Kd3 Kd5 48.Kd2 Kc4 49.Kc2 Kb4 50.Kd3 Kxa4
51.Kc4 d3 52.Kc3  1/2-1/2

[Event "Kobanya op"]
[Site "Kobanya"]
[Date "1991.??.??"]
[Round "11"]
[White "Lengyel, Bela"]
[Black "Horvath, Csaba"]
[Result "0-1"]
[WhiteElo "2365"]
[BlackElo "2460"]

1.e4 c5 2.Nf3 Nc6 3.d4 cxd4 4.Nxd4 e6 5.Nc3 Qc7 6.Be3 a6 7.f4 b5 8.Be2 Bb7
9.Bf3 Rc8 10.Nb3 d6 11.O-O Nf6 12.g4 Be7 13.Qe2 O-O 14.g5 Nd7 15.Bg2 Rfe8
16.Qh5 Bf8 17.Rf3 g6 18.Qh4 Nb4 19.Nd4 Bg7 20.Rh3 Nf8 21.a3 e5 22.Ndxb5 axb5
23.axb4 exf4 24.Bxf4 Qc4 25.Rd3 Qxb4 26.Qf2 Ne6 27.Be3 Nc5 28.Ra7 Nxd3 29.cxd3 Rb8
30.d4 Qb3 31.Ra3 Qc4 32.Bf1 Qc8 33.Bxb5 Qg4+ 34.Qg3 Qxg3+ 35.hxg3 Rec8 36.Bd3 Bc6
37.Nd1 Rb4 38.d5 Bb5 39.Bxb5 Rxb5 40.Kf2 Rb4 41.Ra6 Be5 42.Kf3 Rf8 43.Bf4 f6
44.gxf6 Rxf6 45.Ke3 Kg7 46.Ra7+ Rf7 47.Bh6+ Kxh6 48.Rxf7 Bxg3 49.Kf3 Rb3+
50.Ke2 Be5 51.Rd7 Bf4 52.Ra7 g5 53.Ra3 Rb8 54.b3 g4 55.Nf2 Kg5 56.Nd3 h5
57.Ra7 Re8 58.Rg7+ Kf6 59.Rh7 Rxe4+ 60.Kf1 Kg5 61.Rg7+ Kh4 62.Rf7 Kg3 63.b4 h4
64.b5 Be3 65.Rc7 h3 66.Rc3 h2 67.Nf2 Kf3  0-1

[Event "Krasnodar"]
[Site "Krasnodar"]
[Date "1991.??.??"]
[Round "?"]
[White "Beshukov, Sergei"]
[Black "Zhukhovitsky, Samuel"]
[Result "1-0"]
[WhiteElo "2305"]
[BlackElo "2460"]

1.e4 c5 2.Nf3 Nc6 3.d4 cxd4 4.Nxd4 e6 5.Nc3 d6 6.Be3 Nf6 7.Qd2 a6 8.f3 Qc7
9.g4 Be7 10.O-O-O b5 11.Nxc6 Qxc6 12.Ne2 O-O 13.Nd4 Qc7 14.h4 Re8 15.g5 Nh5
16.Bh3 g6 17.Bg4 e5 18.Ne2 Be6 19.Bxh5 gxh5 20.Nc3 Rec8 21.Nd5 Bxd5 22.exd5 a5
23.Kb1 a4 24.f4 exf4 25.Bd4 Qc4 26.Rhf1 b4 27.g6 fxg6 28.Qe1 Qxc2+ 29.Ka1 Kf8
30.Rxf4+ Ke8 31.Bg7 Kd8 32.Rf7 Ra7 33.Bd4 a3 34.bxa3 bxa3 35.Rxh7 Qxd1+ 36.Qxd1 Rac7
37.Rh8+ Kd7  1-0

[Event "Las Palmas"]
[Site "Las Palmas"]
[Date "1991.??.??"]
[Round "4"]
[White "De la Villa Garcia, Jesus Maria"]
[Black "Franco Ocampo, Zenon"]
[Result "0-1"]
[WhiteElo "2475"]
[BlackElo "2495"]

1.e4 c5 2.Nf3 Nc6 3.d4 cxd4 4.Nxd4 e6 5.Nc3 a6 6.Bf4 d6 7.Nf3 Nf6 8.Qd2 h6
9.h3 e5 10.Be3 Be6 11.Rd1 Be7 12.Be2 b5 13.a3 Na5 14.O-O Rc8 15.Nh2 Nc4 16.Bxc4 Rxc4
17.f3 Qc7 18.Ng4 Nxg4 19.hxg4 O-O 20.Rf2 Rb8 21.Rc1 b4 22.axb4 Rbxb4 23.Nd1 Rb5
24.g5 hxg5 25.Bxg5 Rd4 26.Qe3 f6 27.Bh4 d5 28.Nc3 Rxb2 29.exd5 Bxd5 30.Nxd5 Rxd5
31.c4 Ra5 32.Qc3 Rb8 33.Rfc2 Ra3 34.Qe1 Re3 35.Qf1 Bc5 36.Bf2 e4 37.fxe4 Re8
38.Qd1 R8xe4 39.Qd5+ Kf8 40.Kf1 Rf4 41.Rb1 Re5 42.Qa8+ Re8 43.Qd5 Rd8 44.Qb7 Rd1+
45.Ke2 Rxf2+ 46.Kxd1 Qd6+  0-1

[Event "Lenk op"]
[Site "Lenk"]
[Date "1991.??.??"]
[Round "3"]
[White "Kupreichik, Viktor D"]
[Black "Arakhamia, Ketevan"]
[Result "1-0"]
[WhiteElo "2460"]
[BlackElo "2440"]

1.e4 c5 2.Nf3 Nc6 3.Nc3 e6 4.d4 cxd4 5.Nxd4 d6 6.Be3 Nf6 7.f4 e5 8.Nf3 exf4
9.Bxf4 Be6 10.Qd2 d5 11.e5 d4 12.Nxd4 Qxd4 13.exf6 Qxf6 14.Nb5 Qxb2 15.Nc7+ Ke7
16.Bd6+ Kf6 17.Qf4+ Bf5 18.Bd3 g6 19.O-O Qd4+ 20.Qxd4+ Nxd4 21.Bxf8 Raxf8
22.g4 Rc8 23.Nb5 Nxb5 24.gxf5 Nd6 25.fxg6+ Kg7 26.gxf7 Nxf7 27.Rae1 Rc7 28.Rf4 Rg8
29.Kf2 Nd6 30.Re6 Nc8 31.Re3 Kh8 32.h4 Nb6 33.Re5 Rd8 34.h5 Nd5 35.Rd4 Rf8+
36.Ke1 Nf4 37.Be4  1-0

[Event "ESP-chT"]
[Site "Linares"]
[Date "1991.??.??"]
[Round "4"]
[White "De la Villa Garcia, Jesus Maria"]
[Black "Sion Castro, Marcelino"]
[Result "1-0"]
[WhiteElo "2475"]
[BlackElo "2405"]

1.e4 c5 2.Nf3 e6 3.d4 cxd4 4.Nxd4 Nc6 5.Nc3 Qc7 6.g3 a6 7.Bg2 d6 8.O-O Bd7
9.Re1 Be7 10.Nxc6 Bxc6 11.Qg4 h5 12.Qe2 h4 13.b3 hxg3 14.hxg3 Qa5 15.Bd2 Qh5
16.Qxh5 Rxh5 17.Ne2 Rc8 18.c4 Nf6 19.Nd4 Nd7 20.Rad1 Nc5 21.f4 g6 22.Bf3 Rh7
23.Nxc6 bxc6 24.Bc3 g5 25.f5 e5 26.f6 Bxf6 27.Bg4 Rd8 28.Ba5 Be7 29.Bxd8 Kxd8
30.b4 Ne6 31.Kg2 Nd4 32.Rh1 Rg7 33.Rh8+ Kc7 34.Rdh1 d5 35.Rc8+ Kb7 36.Rhh8 dxc4
37.Rb8+ Kc7 38.Rhc8+ Kd6 39.Rb7 f5 40.Bxf5 Nxf5 41.exf5 c3 42.Rbc7 Kd5 43.f6 Bxf6
44.Rxc6 Be7 45.Rxc3 Bxb4 46.Rd8+ Ke6 47.Rc6+ Kf5 48.g4+  1-0

[Event "ESP-ch"]
[Site "Lleida"]
[Date "1991.??.??"]
[Round "2"]
[White "De la Riva Aguado, Oscar"]
[Black "Illescas Cordoba, Miguel"]
[Result "1/2-1/2"]
[WhiteElo "2345"]
[BlackElo "2545"]

1.e4 c5 2.Nf3 e6 3.d4 cxd4 4.Nxd4 Nc6 5.Nc3 a6 6.Be2 Qc7 7.O-O Nf6 8.Be3 Bb4
9.Na4 Be7 10.c4 Nxe4 11.Nxc6 bxc6 12.Qd4 Nf6 13.Nb6 Rb8 14.c5 d6 15.cxd6 Bxd6
16.Nc4 Bxh2+ 17.Kh1 c5 18.Qxc5 Qxc5 19.Bxc5 Bf4 20.Bf3 Bd7 21.Rfd1 Rc8 22.b4 Bb5
23.Nb6 Rc7 24.a4 Bc6 25.Ra3 Ne4 26.Rad3 Nxc5 27.Rd8+ Ke7 28.Rxh8 Nxa4 29.Nc8+ Kf6
30.Bxc6 Rxc6 31.g3 Be5 32.Rd7 Rxc8 33.Rxc8 Nb6 34.Rdd8 Nxc8 35.Rxc8 Bd6 36.Rc6 Bxb4
37.Rxa6 h5 38.Kg2 g5 39.Rb6 Bc3 40.Rb3 Be5 41.Rb7 Kg6  1/2-1/2

[Event "ESP-ch"]
[Site "Lleida"]
[Date "1991.??.??"]
[Round "5"]
[White "Vilar Lopez, Monica"]
[Black "Rodriguez, MA."]
[Result "1/2-1/2"]
[WhiteElo "2200"]
[BlackElo "2200"]

1.e4 c5 2.Nf3 e6 3.d4 cxd4 4.Nxd4 Nc6 5.Nc3 d6 6.Be3 Nf6 7.Be2 Be7 8.O-O O-O
9.f4 Bd7 10.Bf3 Nxd4 11.Bxd4 Bc6 12.Qe1 b5 13.Kh1 Qd7 14.Rd1 Qb7 15.Bxf6 Bxf6
16.Rxd6 b4 17.Rxc6 Bxc3 18.bxc3 Qxc6 19.e5 Qxc3 20.Qxc3 bxc3 21.Bxa8 Rxa8
22.Rf3 Rc8 23.Kg1 Kf8 24.g3 Ke7 25.Rd3 f6 26.exf6+ gxf6 27.Kf2 Rc5 28.a3 e5
29.fxe5 fxe5 30.Ke3 h5 31.Ke4 Ke6 32.Ke3  1/2-1/2